000 01697nam a2200253Ia 4500
999 _c55489
_d55489
001 22571
003 GE_BSU
005 20220920170006.0
008 181216s2008||||ge |||||||||||||| ||geo||
040 _cGE_BSU
041 _ageo
080 _a63 კ-95
100 _aკუტალაძე, ნუნუ
_910612
245 _aფოსფორის ტრანსფორმაცია აჭარის წითელმიწა ნიადაგში და ფოსფორიანი სასუქების ეფექტიანობა ჩაის პლანტაციაში : დისერტაცია /
_cნუნუ კუტალაძე; მეცნ. ხელმძღვ. გ. მარგველაშვილი; შოთა რუსთაველის სახელმწიფო უნივერსიტეტი.
264 _aბათუმი,
_b
_c2008.
300 _a116 გვ. ;
_b30 სმ.
653 _aაგროქიმია
653 _aსოფლის მეურნეობა
653 _aფოსფორის ტრანსფორმაცია აჭარის წითელმიწა ნიადაგში და ფოსფორიანი სასუქების ეფექტიანობა ჩაის პლანტაციაში
653 _aდისერტაცია
700 _aმარგველაშვილი, გ.
_eმეცნ. ხელმძღვანელი
_93702
710 _aშოთა რუსთაველის სახელმწიფო უნივერსიტეტი
_910613
942 _cBK
_2udc